Understanding the constitution
Saved in:
| Main Author: | |
|---|---|
| Format: | Book |
| Language: | English |
| Published: |
Nueva York
Holt, Rinehart and Winston
1985
|
| Edition: | 10a. ed |
| Subjects: | |
| Tags: |
Add Tag
No Tags, Be the first to tag this record!
|
MARC
| LEADER | 00000nam a2200000 a 4500 | ||
|---|---|---|---|
| 001 | UCT9650 | ||
| 003 | CL-VaPUC | ||
| 008 | 970411e19850000US |||||||||||||||||eng|d | ||
| 082 | 0 | 4 | |a 342.73 |b PEL |2 21 |
| 100 | 0 | |a Peltason, Jack Walter |e author |9 382528 | |
| 245 | 1 | 0 | |a Understanding the constitution |
| 250 | |a 10a. ed | ||
| 300 | |a 338 p | ||
| 942 | |c BK | ||
| 945 | |d 19970411 00:00:00 |a paguirre | ||
| 260 | |a Nueva York |b Holt, Rinehart and Winston |c 1985 | ||
| 650 | 0 | |a Constituciones |9 255417 | |
| 650 | 0 | |a Derecho constitucional |9 222588 | |
| 650 | 0 | |a Poder legislativo |9 258808 | |
| 650 | 0 | |a Poder ejecutivo |9 255177 | |
| 650 | 0 | |a Poder judicial |9 254871 | |
| 650 | 0 | |a Derechos civiles y políticos |9 338684 | |
| 650 | 0 | |a Libertad individual |9 352859 | |
| 650 | 0 | |a Elecciones |9 254997 | |
| 650 | 0 | |a Representación política |9 362081 | |
| 650 | 0 | |a Federalismo |9 313886 | |
| 651 | 0 | |a Estados Unidos |9 255178 | |
| 583 | |a last modification |c 19970411 00:00:00 |k Rodrigo Vera | ||
| 999 | |c 258031 |d 258029 | ||
| 952 | |0 0 |1 0 |4 0 |6 342_730000000000000_PEL_1985 |7 0 |8 A |9 281792 |a BIBDER |b BIBDER |d 2019-11-19 |i 1828193 |o 342.73 PEL 1985 |p 1828193 |r 2023-01-25 |w 2019-11-19 |y BK |k DER | ||